000 00422nam a2200193Ia 4500
005 20250423095103.0
008 250422s9999 xx 000 0 und d
020 _a9780340758922
050 _aP 99.4 . G783/
100 _aGrundy, Peter
245 0 _aDoing pragmatics
250 _a3rd ed.
260 _aLondon
260 _bH. Arnold
260 _c2008
300 _a287 p
650 _aPragmatic
942 _cBK
999 _c29201
_d29201